000 00838nam a2200229 a 4500
005 20210603134006.0
008 210531s1985 ck a|||gr|||| 00| 0 spa d
040 _aCO-BoUCM
_cDeissy Garcia
_dDeissy Garcia
041 0 _aspa
100 1 _93076
_aUribe Ángel, Manuel
245 1 0 _aGeografía general del estado de Antioquia en Colombia
_cManuel Uribe Angel
250 _a2a.Ed.
260 _aMedellín
_bEditora Nacional
_c1985
300 _axv, 493 páginas
_bilustraciones
490 0 _aAutores Antioqueños
_v11
504 _aIncluye referencias bibliográficas
651 1 _aAntioquia (Colombia)
_xGeografía
_9103734
651 1 _aAntioquia (Colombia)
_xDescripción
_9103735
651 1 _aAntioquia (Colombia)
_xHistoria
_926770
942 _cLIBRO
_2DEWEY
_a21
_e2
_h918.621
_mU762g
_n0
999 _c318940
_d318940